000 00672nam a2200241Ia 4500
003 OSt
005 20220925213858.0
006 a|||||r|||| 00| 0
007 ta
008 220923b |||||||| |||| 00| 0 eng d
020 _a0826477062
037 _cGeneral Book
040 _aRTL
_cRTL
_beng
041 _2eng
_aeng
082 _aRxN25:g(NW), M9
100 _aDeleuze Gilles
_923346
245 0 _aCinema 2
_b The time-image. Tr. by Hugh Tomlinson an
260 _aLondon
_bContinnum
_c1989
300 _axv,334p
_ccm.
500 _aGlossary: P 325
942 _hRxN25:g(NW), M9
_cGB
_2CC
999 _c563956
_d563956